Municipalities in Innlandet, Norway - Statistics

General Stats
  • This quiz has been taken 85 times
  • The average score is 26 of 46
Answer Stats
Population Answer % Correct
31.509 Hamar
100%
28.493 Lillehammer
100%
30.395 Gjøvik
96%
21.292 Elverum
79%
17.851 Kongsvinger
75%
2.512 Dovre
71%
1.870 Os
71%
34.897 Ringsaker
68%
6.580 Trysil
68%
14.871 Østre Toten
64%
3.054 Sør-Fron
64%
13.459 Vestre Toten
64%
2.204 Lom
61%
5.705 Nord-Fron
61%
5.038 Nord-Odal
61%
4.408 Ringebu
61%
7.914 Sør-Odal
61%
21.072 Stange
61%
2.120 Vestre Slidre
61%
6.023 Gausdal
57%
3.236 Øystre Slidre
57%
5.537 Tynset
57%
6.099 Eidskog
54%
13.611 Gran
54%
6.360 Nord-Aurdal
54%
6.581 Nordre Land
54%
2.183 Skjåk
54%
5.579 Søndre Land
54%
1.980 Lesja
50%
5.592 Sel
50%
2.904 Sør-Aurdal
50%
3.564 Vågå
50%
2.405 Alvdal
46%
1.518 Folldal
46%
4.545 Grue
46%
7.625 Løten
46%
5.093 Øyer
46%
1.573 Vang
46%
2.378 Stor-Elvdal
43%
7.227 Åsnes
39%
3.587 Våler
39%
4.338 Åmot
36%
1.257 Etnedal
36%
1.563 Tolga
36%
1.250 Engerdal
32%
1.741 Rendalen
32%
No matching quizzes found
Score Distribution
Percent of People with Each Score
Percentile by Number Answered
Your Score History
You have not taken this quiz